000 00437nam a2200181Ia 4500
005 20240823062942.0
008 240823s9999||||xx |||||||||||||| ||und||
041 _aENGLISH
082 _A621.3692 N5
100 _aPersonick Stewart D
245 0 _aFiber Optics
250 _a2nd
260 _b"Khanna Publishders,"
_aNew Delhi
500 _aTRANSFERED
650 _aFiber Optics
_bInstrumentation
942 _cBK
999 _c237103
_d237103